Superbrands : an insight into many of Hong Kong's strongest brands.
| Format: | Book |
|---|---|
| Published: |
Hong Kong:
Superbrands,
2002.
|
| Subjects: |
| LEADER | 00503cam a2200157 7i4500 | ||
|---|---|---|---|
| 001 | 0000024599 | ||
| 005 | 20100611090000.0 | ||
| 020 | 0 | 0 | |a 962-86948-1-2 |
| 090 | 0 | 0 | |a B 659.1 |b SUP |
| 245 | 0 | 0 | |a Superbrands : |b an insight into many of Hong Kong's strongest brands. |
| 260 | 0 | 0 | |a Hong Kong: |b Superbrands, |c 2002. |
| 300 | # | # | |a 281 p. |
| 650 | 0 | 0 | |a Branding -- |z Hong Kong |
| 650 | 0 | 0 | |a Advertising -- |x Brand name products -- |z Hong Kong |
| 651 | 0 | 0 | |a Hong Kong |
| 999 | |a 0000019773 |b Book |c Book |e Business Information Centre | ||


